<?xml version="1.0" encoding="UTF-8"?>
<record
    xmlns:xsi="http://www.w3.org/2001/XMLSchema-instance"
    xsi:schemaLocation="http://www.loc.gov/MARC21/slim http://www.loc.gov/standards/marcxml/schema/MARC21slim.xsd"
    xmlns="http://www.loc.gov/MARC21/slim">

  <leader>00658nam a22001337a 4500</leader>
  <datafield tag="040" ind1=" " ind2=" ">
    <subfield code="c">RUA </subfield>
  </datafield>
  <datafield tag="082" ind1=" " ind2=" ">
    <subfield code="a">AGR HEN 2012 B052 Or.1</subfield>
  </datafield>
  <datafield tag="100" ind1=" " ind2=" ">
    <subfield code="a">HENG PHEARUN</subfield>
  </datafield>
  <datafield tag="245" ind1=" " ind2=" ">
    <subfield code="a">The quality evaluation of bok choy through packaging materials (Kandal-siem reap),(&#x1780;&#x17B6;&#x179A;&#x179C;&#x17B6;&#x1799;&#x178F;&#x1798;&#x17D2;&#x179B;&#x17C3;&#x1782;&#x17BB;&#x178E;&#x1797;&#x17B6;&#x1796;&#x179F;&#x17D2;&#x1796;&#x17C3;&#x178F;&#x17BF;&#x178F;&#x17B6;&#x1798;&#x179A;&#x1799;&#x17C8;&#x1780;&#x17B6;&#x179A;&#x1794;&#x17D2;&#x179A;&#x17BE;&#x1794;&#x17D2;&#x179A;&#x17B6;&#x179F;&#x17CB;&#x1794;&#x179A;&#x17B7;&#x1780;&#x17D2;&#x1781;&#x17B6;&#x179C;&#x17C1;&#x1785;&#x1781;&#x17D2;&#x1785;&#x1794;&#x17CB; (&#x1781;&#x17C1;&#x178F;&#x17D2;&#x178F;&#x1780;&#x178E;&#x17D2;&#x178A;&#x17B6;&#x179B;-&#x179F;&#x17C0;&#x1798;&#x179A;&#x17B6;&#x1794;)</subfield>
  </datafield>
  <datafield tag="260" ind1=" " ind2=" ">
    <subfield code="a">phnom penh </subfield>
    <subfield code="b">RUA </subfield>
    <subfield code="c">2012</subfield>
  </datafield>
  <datafield tag="300" ind1=" " ind2=" ">
    <subfield code="a">xi, 38p.</subfield>
    <subfield code="c">ill.</subfield>
  </datafield>
  <datafield tag="856" ind1=" " ind2=" ">
    <subfield code="u">https://drive.google.com/file/d/1Bk3hQyoF5ixUhSsnROflA7m5IXvjNTCq/view?usp=sharing</subfield>
  </datafield>
  <datafield tag="942" ind1=" " ind2=" ">
    <subfield code="c">AGR</subfield>
  </datafield>
  <datafield tag="999" ind1=" " ind2=" ">
    <subfield code="c">1221</subfield>
    <subfield code="d">1221</subfield>
  </datafield>
  <datafield tag="952" ind1=" " ind2=" ">
    <subfield code="0">0</subfield>
    <subfield code="1">0</subfield>
    <subfield code="2">ddc</subfield>
    <subfield code="4">0</subfield>
    <subfield code="6">AGR_HEN_2012_000000000000000_B052_OR_1</subfield>
    <subfield code="7">0</subfield>
    <subfield code="9">5102</subfield>
    <subfield code="a">LBB</subfield>
    <subfield code="b">LBB</subfield>
    <subfield code="c">B052</subfield>
    <subfield code="d">2015-09-24</subfield>
    <subfield code="l">2</subfield>
    <subfield code="o">AGR HEN 2012 B052 Or.1</subfield>
    <subfield code="p">RUA004915</subfield>
    <subfield code="r">2017-02-08</subfield>
    <subfield code="s">2017-01-17</subfield>
    <subfield code="w">2015-09-24</subfield>
    <subfield code="y">AGR</subfield>
  </datafield>
  <datafield tag="952" ind1=" " ind2=" ">
    <subfield code="0">0</subfield>
    <subfield code="1">0</subfield>
    <subfield code="2">ddc</subfield>
    <subfield code="4">0</subfield>
    <subfield code="6">AGR_HEN_2012_000000000000000_B052_OR_2</subfield>
    <subfield code="7">0</subfield>
    <subfield code="9">5103</subfield>
    <subfield code="a">LBB</subfield>
    <subfield code="b">LBB</subfield>
    <subfield code="c">B052</subfield>
    <subfield code="d">2015-09-24</subfield>
    <subfield code="l">2</subfield>
    <subfield code="o">AGR HEN 2012 B052 Or.2</subfield>
    <subfield code="p">RUA005602</subfield>
    <subfield code="r">2024-10-16</subfield>
    <subfield code="s">2024-10-14</subfield>
    <subfield code="w">2015-09-24</subfield>
    <subfield code="y">AGR</subfield>
  </datafield>
  <datafield tag="952" ind1=" " ind2=" ">
    <subfield code="0">0</subfield>
    <subfield code="1">0</subfield>
    <subfield code="2">ddc</subfield>
    <subfield code="4">0</subfield>
    <subfield code="6">AGR_HEN_2012_000000000000000_B052_OR_3</subfield>
    <subfield code="7">0</subfield>
    <subfield code="9">5104</subfield>
    <subfield code="a">LBB</subfield>
    <subfield code="b">LBB</subfield>
    <subfield code="c">B052</subfield>
    <subfield code="d">2015-09-24</subfield>
    <subfield code="l">1</subfield>
    <subfield code="o">AGR HEN 2012 B052 Or.3</subfield>
    <subfield code="p">RUA000517</subfield>
    <subfield code="r">2019-08-13</subfield>
    <subfield code="s">2019-07-30</subfield>
    <subfield code="w">2015-09-24</subfield>
    <subfield code="y">AGR</subfield>
  </datafield>
  <datafield tag="952" ind1=" " ind2=" ">
    <subfield code="0">0</subfield>
    <subfield code="1">0</subfield>
    <subfield code="2">ddc</subfield>
    <subfield code="4">0</subfield>
    <subfield code="6">AGR_HEN_2012_000000000000000_B052_OR_4</subfield>
    <subfield code="7">0</subfield>
    <subfield code="9">5105</subfield>
    <subfield code="a">LBB</subfield>
    <subfield code="b">LBB</subfield>
    <subfield code="c">B052</subfield>
    <subfield code="d">2015-09-24</subfield>
    <subfield code="l">1</subfield>
    <subfield code="o">AGR HEN 2012 B052 Or.4</subfield>
    <subfield code="p">RUA017655</subfield>
    <subfield code="r">2016-02-03</subfield>
    <subfield code="s">2016-01-23</subfield>
    <subfield code="w">2015-09-24</subfield>
    <subfield code="y">AGR</subfield>
  </datafield>
  <datafield tag="952" ind1=" " ind2=" ">
    <subfield code="0">0</subfield>
    <subfield code="1">0</subfield>
    <subfield code="2">ddc</subfield>
    <subfield code="4">0</subfield>
    <subfield code="6">AGR_HEN_2012_000000000000000_B052_OR_5</subfield>
    <subfield code="7">0</subfield>
    <subfield code="9">5106</subfield>
    <subfield code="a">LBB</subfield>
    <subfield code="b">LBB</subfield>
    <subfield code="c">B052</subfield>
    <subfield code="d">2015-09-24</subfield>
    <subfield code="l">3</subfield>
    <subfield code="o">AGR HEN 2012 B052 Or.5</subfield>
    <subfield code="p">RUA000590</subfield>
    <subfield code="r">2024-11-12</subfield>
    <subfield code="s">2024-10-24</subfield>
    <subfield code="w">2015-09-24</subfield>
    <subfield code="y">AGR</subfield>
  </datafield>
  <datafield tag="952" ind1=" " ind2=" ">
    <subfield code="0">0</subfield>
    <subfield code="1">0</subfield>
    <subfield code="2">ddc</subfield>
    <subfield code="4">0</subfield>
    <subfield code="6">AGR_HEN_2012_000000000000000_B052_OR_6</subfield>
    <subfield code="7">0</subfield>
    <subfield code="9">58435</subfield>
    <subfield code="a">LBB</subfield>
    <subfield code="b">LBB</subfield>
    <subfield code="d">2016-12-30</subfield>
    <subfield code="l">3</subfield>
    <subfield code="o">AGR HEN 2012 B052 Or.6</subfield>
    <subfield code="p">A05770</subfield>
    <subfield code="r">2018-08-13</subfield>
    <subfield code="s">2018-07-25</subfield>
    <subfield code="w">2016-12-30</subfield>
    <subfield code="y">AGR</subfield>
  </datafield>
</record>
